000 00363nam a2200145Ia 4500
008 230917s9999||||xx |||||||||||||| ||und||
040 _e117162
_aMAIN
041 _aEnglish
082 _a658.3 R152H
100 _aRandhawa, Gurpreet
245 0 _aHuman resource management
260 _aNew Delhi
_bAtlantic Publishers
_c2007
300 _a408 p.
942 _cBK
999 _c143296
_d143296